000 00716cab a22001935a 4500
001 L151555
008 101117e2010 xxk 000 0 eng d
035 _a(Sirsi) u151555
041 0 _aeng
100 1 _aSandher, Hardeep
245 0 0 _aHammer horror
260 _c2010
490 0 _aProperty Week
_v76(45) 12 November 2010, 20-21(2)
520 _aFee cutting is a by-product of recessions. Estimates the current degree of agent fee cutting in valuation, investment and rent review practice areas and asks whether this represents dangerous undercutting or good business sense in difficult market conditions.
590 _aKA
651 4 _aUnited Kingdom
_y
690 _aPROPERTY-PROPERTY AGENCY
942 _n0
999 _c82822
_d82822